000 01129nam a2200385.c 4500
999 _c48666
_d48666
001 48666
003 ES-MaCES
005 20161219120617.0
008 161216s uk ||||| |||||||||||eng|d
020 _a9781784537845
020 _a9780857739063 (eISBN)
020 _a9780857725424 (ePDF)
040 _aES-MaCES
_bspa
_cES-MaCES
100 1 _937627
_aMacshane, Denis
245 1 0 _aBrexit
_b: how Britain left Europe
_cDenis Macshane
250 _aed. rev. fully, repr
260 _aLondon
_aNew York
_bI.B. Tauris
_c2016
300 _aXXV, 262 p.
_c22 cm
500 _aÍndices
504 _aBibliografía: p. 254-258
541 _cCompra
650 4 _926967
_aReino Unido
650 4 _929906
_areferéndum
650 4 _929381
_aintegración política
650 4 _926752
_aUE
650 4 _930760
_aUEM
650 4 _930732
_aevaluación del impacto
650 4 _927082
_aconsecuencias económicas
650 4 _930652
_aMercado Unico Europeo
650 4 _927246
_apolítica
650 4 _929225
_adesarrollo político
653 1 0 _aMercado Único Europeo
902 _aLIB Libro
942 _2CES
_cBK
_h1.0.